Gangadharan's the minimum wages act: With central and Kerala rules and notifications (Record no. 23603)

MARC details
000 -LEADER
fixed length control field 00365nam a2200121Ia 4500
082 ## - DEWEY DECIMAL CLASSIFICATION NUMBER
Item number GAN
100 ## - MAIN ENTRY--AUTHOR NAME
Personal name GANGADHARAN, A
245 #0 - TITLE STATEMENT
Title Gangadharan's the minimum wages act: With central and Kerala rules and notifications
260 ## - PUBLICATION, DISTRIBUTION, ETC. (IMPRINT)
Place of publication Cochin
Name of publisher KV Krishnan Memorial
Year of publication 1975
650 ## - SUBJECT ADDED ENTRY--TOPICAL TERM
Topical Term Minimum wages act
942 ## - ADDED ENTRY ELEMENTS (KOHA)
Koha item type Books
Holdings
Withdrawn status Lost status Damaged status Not for loan Home library Current library Date acquired Full call number Accession Number Koha item type
        RRII Library RRII Library 16/12/2021 GAN 04301 Books